000 00318 a2200157 4500
001 158596
020 _a
040 _cMagnum
100 _aTescarolo, Floriano
240 1 0 _aJornal dos astecas
_lpor
245 1 0 _aJornal dos astecas
362 0 _a1899
440 1 _aDimensão
697 _aCOLECAO
942 _cBK
999 _c158596
_d158596